Loading...
Religion | 0 | 4 | 1 | 2 | 35 | 79 | 119.50 | 1 | 1 |
Literature - American Literature | 0 | 2 | 0 | 1 | 20 | 27 | 88.50 | 1 | 1 |
Philosophy | 0 | 2 | 0 | 0 | 20 | 98 | 106.00 | 0 | 0 |
Science - Biology | 0 | 2 | 1 | 0 | 15 | 104 | 113.00 | 0 | 0 |
History - European History | 0 | 2 | 1 | 0 | 15 | 72 | 118.50 | 1 | 1 |
Other Academic | 0 | 2 | 1 | 0 | 15 | 121 | 127.50 | 0 | 0 |
Literature - World Literature | 0 | 1 | 0 | 1 | 10 | 152 | 152.00 | 0 | 0 |
Mythology | 0 | 1 | 0 | 0 | 10 | 140 | 140.00 | 0 | 0 |
Social Science | 0 | 1 | 0 | 0 | 10 | 73 | 73.00 | 0 | 1 |
Geography | 0 | 1 | 0 | 1 | 10 | 153 | 153.00 | 0 | 0 |
History - American History | 0 | 1 | 0 | 0 | 10 | 54 | 54.00 | 0 | 1 |
History - Other History | 0 | 1 | 0 | 0 | 10 | 96 | 96.00 | 0 | 0 |
History - World History | 0 | 1 | 0 | 0 | 10 | 131 | 131.00 | 0 | 0 |
Literature - British Literature | 0 | 1 | 0 | 0 | 10 | 115 | 115.00 | 0 | 0 |
Current Events | 0 | 1 | 0 | 1 | 10 | 159 | 159.00 | 0 | 0 |
Fine Arts - Other Fine Arts | 0 | 0 | 0 | 0 | 0 | 0.00 | 0 | 0 |